000 00508nam a2200253Ia 4500
001 073129
003 YMCAF
005 20230512160825.0
008 100717s1997 ||||||||||||||||| ||und|d
020 _a-
024 _a73129
035 _a12592
040 _aYMCAF
_beng
_cIN-KoLT
041 _aeng
082 _aORA-LAV
100 _aLAVEY SINGH
245 0 _aORACLE DEVELOPER GUID
250 _a-
260 _bP. HALL
_c1997
300 _a966
653 _a-
653 _a-
942 _2ddc
_cBK
999 _c6613
_d6613